| 000 | 00706nam a2200253Ia 4500 | ||
|---|---|---|---|
| 003 | OSt | ||
| 005 | 20220924123118.0 | ||
| 006 | a|||||r|||| 00| 0 | ||
| 007 | ta | ||
| 008 | 220923b |||||||| |||| 00| 0 per d | ||
| 024 | _a329424 | ||
| 037 | _cTextual | ||
| 040 |
_aARTS _cARTS _bper |
||
| 041 |
_2per _aper |
||
| 082 | _aP164, 164N0 | ||
| 100 |
_aBahiqi Muhammad Jafar Au. _9191710 |
||
| 245 | 0 | _aRah numai nigarish-o-viraish | |
| 260 |
_aMashhad _bIntisharat-e-aastan-e-quds Iran _c1990 |
||
| 300 |
_a189p. _ccm. |
||
| 650 | _a PERSIAN LANGUAGE | ||
| 650 | _aLINGUISTICS | ||
| 942 |
_hP164, 164N0 _cTEXL _2CC |
||
| 999 |
_c414369 _d414369 |
||